| 000 | 00588nam a2200169 a 4500 | ||
|---|---|---|---|
| 001 | 000043593 | ||
| 005 | 20201002044852.0 | ||
| 008 | 140327s2001 dr a 000 0 spa d | ||
| 040 |
_aDO-SdBNP _bspa _cBNPHU |
||
| 082 |
_axxx _bxxx |
||
| 100 | 1 |
_aVentura Muñoz, Eduardo _929603 |
|
| 245 | 1 | 0 |
_aMatemática superior I : _bdepartamento de matemáticas / _cEduardo Ventura Muñoz, Roberto Morel. |
| 260 |
_aSanto Domingo : _bUCSD, _c2001. |
||
| 300 |
_a192 p. : _bil. ; _c23 cm. |
||
| 700 | 1 | 2 |
_aMorel, Roberto _929572 |
| 710 | 2 | 2 |
_aUniversidad Católica Santo Domingo (República Dominicana) _911141 |
| 999 |
_c43082 _d43082 |
||